[Event "FICGS class F 000011 email"]
[Site "FICGS email"]
[Date "2006.09.09"]
[Round "1"]
[White "Dayaratne, Hasini"]
[Black "Neil, Charles"]
[Result "0-1"]
[WhiteElo "1300"]
[BlackElo "1287"]
[PlyCount "30"]
[EventDate "2006.??.??"]
[EventType "tourn (corr)"]
[EventRounds "5"]
[SourceTitle "Corr 2022"]
[Source "ChessBase"]
[SourceDate "2021.10.24"]
[SourceVersion "1"]
[SourceVersionDate "2021.10.24"]
[SourceQuality "1"]

1. e4 e6 2. d4 d5 3. Nc3 Nf6 4. e5 Nfd7 5. f4 c5 6. Nf3 Nc6 7. Be3 a6 8. Be2 cxd4 9. Nxd4 Be7 10. Qd2 Nc5 11. 0-0-0 Bd7 12. g4 Nxd4 13. Bxd4 b5 14. Bf3 Nb7 15. Ne2 Qa5 0-1

[Event "FICGS class F 000011 email"]
[Site "FICGS email"]
[Date "2006.09.09"]
[Round "1"]
[White "Dayaratne, Hasini"]
[Black "Sarihan, Mustafa"]
[Result "0-1"]
[WhiteElo "1300"]
[BlackElo "1258"]
[PlyCount "24"]
[EventDate "2006.??.??"]
[EventType "tourn (corr)"]
[EventRounds "5"]
[SourceTitle "Corr 2022"]
[Source "ChessBase"]
[SourceDate "2021.10.24"]
[SourceVersion "1"]
[SourceVersionDate "2021.10.24"]
[SourceQuality "1"]

1. e4 e5 2. Nf3 Nc6 3. Bb5 a6 4. Ba4 b5 5. Bb3 Nf6 6. d3 Be7 7. 0-0 0-0 8. Nc3 d6 9. d4 exd4 10. Nxd4 Na5 11. Bd5 Nxd5 12. exd5 Bf6 0-1

[Event "FICGS class F 000011 email"]
[Site "FICGS email"]
[Date "2006.09.09"]
[Round "1"]
[White "Dayaratne, Hasini"]
[Black "Vrenchur, Lojze"]
[Result "0-1"]
[WhiteElo "1300"]
[BlackElo "1400"]
[PlyCount "60"]
[EventDate "2006.??.??"]
[EventType "tourn (corr)"]
[EventRounds "5"]
[SourceTitle "Corr 2022"]
[Source "ChessBase"]
[SourceDate "2021.10.24"]
[SourceVersion "1"]
[SourceVersionDate "2021.10.24"]
[SourceQuality "1"]

1. e4 e5 2. Nf3 Nc6 3. Bb5 f6 4. d3 a6 5. Ba4 b5 6. Bb3 Bc5 7. 0-0 Bb7 8. Nc3 Nd4 9. Bxg8 Rxg8 10. Nxd4 Bxd4 11. Qh5+ Ke7 12. Qxh7 b4 13. Ne2 Bb6 14. Ng3 Qf8 15. Bd2 Qf7 16. Bxb4+ d6 17. Nf5+ Ke6 18. Qh3 Rh8 19. Nh6+ Ke7 20. Nxf7 Rxh3 21. gxh3 Kxf7 22. Kg2 f5 23. Rae1 Rh8 24. f4 Kf6 25. fxe5+ Kxe5 26. Rxf5+ Ke6 27. Ref1 Bc8 28. Rf8 Rxf8 29. Rxf8 Bd7 30. Bc3 g5 0-1